| 000 | 01073nac a22003497a 4500 | ||
|---|---|---|---|
| 001 | BR8108428 | ||
| 003 | BR-BrBNA | ||
| 005 | 20240105115148.0 | ||
| 008 | 230509b bl.|||m| |||| 00| 0 por d | ||
| 040 |
_aBR-BrBNA _bpor _cBiblioteca Nacional de Agricultura |
||
| 072 | _aQ10; E10 | ||
| 090 | _a1122 BR8108428 | ||
| 100 | 1 | _aCastro, F.A. de (ed.) | |
| 110 | 1 |
_aFundacao Nucleo de Tecnologia Industrial, Fortaleza, CE (Brasil) _95007 |
|
| 245 | 1 | _aIndustrializacao do mamao. Perfil tecnologico [Ceara, Brasil] | |
| 260 | 3 |
_aFortaleza, CE (Brasil): _c1981. |
|
| 300 | _a66 p. | ||
| 490 |
_aSerie Perfil - Fundacao Nucleo de Tecnologia Industrial (Brazil) _vno. 6 _x |
||
| 500 | _a13 tables; 15 ref. | ||
| 650 | _aMAMAO | ||
| 650 | _aINDUSTRIA ALIMENTICIA | ||
| 650 | _aCOMPOTA | ||
| 650 | _aDOCE | ||
| 650 | _aEXTRATO DE FRUTA | ||
| 650 | _aINSPECAO SANITARIA | ||
| 650 | _aMAO-DE-OBRA | ||
| 650 | _aANALISE ECONOMICA | ||
| 650 | _aRECURSO ECONOMICO | ||
| 650 | _aCEARA | ||
| 909 |
_a202312 _bLúcia Elande _c55 _dLúcia Elande |
||
| 942 |
_2AGRIS _n0 _cMS |
||
| 999 |
_c273398 _d273398 |
||